Software Engineering: Software Reliability, Testing and Quality Assurance (Record no. 11097)

MARC details
000 -LEADER
fixed length control field 00436nam a22001697a 4500
003 - CONTROL NUMBER IDENTIFIER
control field OSt
008 - FIXED-LENGTH DATA ELEMENTS--GENERAL INFORMATION
fixed length control field 220215b ||||| |||| 00| 0 eng d
020 ## - INTERNATIONAL STANDARD BOOK NUMBER
International Standard Book Number 9788190611631
082 ## - DEWEY DECIMAL CLASSIFICATION NUMBER
Classification number 005.1 GIS
100 ## - MAIN ENTRY--PERSONAL NAME
Personal name GILL,Nasib Singh
245 ## - TITLE STATEMENT
Title Software Engineering: Software Reliability, Testing and Quality Assurance
250 ## - EDITION STATEMENT
Edition statement Reprint
260 ## - PUBLICATION, DISTRIBUTION, ETC. (IMPRINT)
Place of publication, distribution, etc New Delhi
Name of publisher, distributor, etc Khanna
Date of publication, distribution, etc 2020
300 ## - PHYSICAL DESCRIPTION
Extent 622
650 ## - SUBJECT ADDED ENTRY--TOPICAL TERM
Topical term or geographic name as entry element BCA
942 ## - ADDED ENTRY ELEMENTS (KOHA)
Source of classification or shelving scheme Dewey Decimal Classification
Koha item type Text Books
942 ## - ADDED ENTRY ELEMENTS (KOHA)
-- 10
Holdings
Withdrawn status Lost status Source of classification or shelving scheme Damaged status Not for loan Collection code Home library Current library Date acquired Source of acquisition Currency Cost, normal purchase price Bill Number Total Checkouts Full call number Acc. no. / Barcode Date last seen Date last borrowed Actual Cost, discounted price Bill Date Koha item type
    Dewey Decimal Classification     BCA PIET C-LIBRARY PIET C-LIBRARY 03/02/2022 Kirti Praskshan IN Rupees 425.00 IN3389 3 005.1 GIS BC1724 18/12/2023 07/12/2023 310.25 03/02/2022 Text Books
    Dewey Decimal Classification     BCA PIET C-LIBRARY PIET C-LIBRARY 03/02/2022 Kirti Praskshan IN Rupees 425.00 IN3389 8 005.1 GIS BC1725 18/12/2023 12/12/2023 310.25 03/02/2022 Text Books
    Dewey Decimal Classification     BCA PIET C-LIBRARY PIET C-LIBRARY 03/02/2022 Kirti Praskshan IN Rupees 425.00 IN3389 5 005.1 GIS BC1726 18/12/2023 12/12/2023 310.25 03/02/2022 Text Books
    Dewey Decimal Classification     BCA PIET C-LIBRARY PIET C-LIBRARY 03/02/2022 Kirti Praskshan IN Rupees 425.00 IN3389 7 005.1 GIS BC1727 18/12/2023 12/12/2023 310.25 03/02/2022 Text Books
    Dewey Decimal Classification     BCA PIET C-LIBRARY PIET C-LIBRARY 03/02/2022 Kirti Praskshan IN Rupees 425.00 IN3389 2 005.1 GIS BC1728 15/10/2025 04/09/2023 310.25 03/02/2022 Text Books
    Dewey Decimal Classification     BCA PIET C-LIBRARY PIET C-LIBRARY 03/02/2022 Kirti Praskshan IN Rupees 425.00 IN3389 4 005.1 GIS BC1729 18/12/2023 13/12/2023 310.25 03/02/2022 Text Books
    Dewey Decimal Classification     BCA PIET C-LIBRARY PIET C-LIBRARY 03/02/2022 Kirti Praskshan IN Rupees 425.00 IN3389 7 005.1 GIS BC1730 05/06/2024 05/03/2024 310.25 03/02/2022 Text Books
    Dewey Decimal Classification     BCA PIET C-LIBRARY PIET C-LIBRARY 03/02/2022 Kirti Praskshan IN Rupees 425.00 IN3389 3 005.1 GIS BC1731 09/01/2024 26/07/2023 310.25 03/02/2022 Text Books
    Dewey Decimal Classification     BCA PIET C-LIBRARY PIET C-LIBRARY 03/02/2022 Kirti Praskshan IN Rupees 425.00 IN3389 6 005.1 GIS BC1732 18/12/2023 12/12/2023 310.25 03/02/2022 Text Books
    Dewey Decimal Classification     BCA PIET C-LIBRARY PIET C-LIBRARY 03/02/2022 Kirti Praskshan IN Rupees 425.00 IN3389 5 005.1 GIS BC1733 18/12/2023 07/12/2023 310.25 03/02/2022 Text Books

Design & Developed by: PIET Central Library
R70 Miles Stone Pattikalyana Samalkha Panipat 132102
mail ID :- [email protected], Phone No:- 0180-2569700 Ex.216